000 00849nam a22003017a 4500
001 000174512
003 DO-SdBNP
005 20171124111437.0
007 000174512
008 151112b 2001 sp ||||| |||| 00| 0 spa d
020 _a8421622773
040 _aBPMSU
_bspa
_cBPMSU
092 _axxxx
_bxxxx
100 1 _aNöstlinger, Christine,
_d1936-
245 1 0 _aChachi /
_cChristine Nöstlinger ; ilustración María Fe González.
250 _a5a ed.
260 _aMadrid :
_bBruño,
_c2001.
300 _a153 p. :
_bil. ;
_c19 cm.
490 1 _aAlta mar
500 _aIncluye datos de la autora
500 _aA partir de ocho años
586 _aPremio Andersen 1984.
700 1 2 _aGonzález, María Fe,
_eil.
830 0 _aAlta mar
942 _2ddc
_cBK
945 _aInventario / 2017 LP
956 _2Lorenza Pérez
_310
_6BPMSU
999 _c8677
_d8677